[Event "Wattenscheid 2- Kleve"]
[Site "?"]
[Date "2023.03.12"]
[Round "6.4"]
[White "Lang, Daniel"]
[Black "Van Kuijk, Vadim"]
[Result "1-0"]
[WhiteElo "2124"]
[BlackElo "1968"]
[PlyCount "55"]
[SourceVersionDate "2023.06.22"]

1. d4 d5 2. c4 c6 3. Nc3 Nf6 4. Bg5 e6 5. cxd5 exd5 6. e3 Bf5 7. Qf3 Bg6 8.
Bxf6 Qxf6 9. Qxf6 gxf6 10. Nce2 Bb4+ 11. Kd1 Nd7 12. Nf3 h5 13. Nh4 Kf8 14. Ng3
c5 15. a3 Ba5 16. dxc5 Rd8 17. b4 Bc7 18. Ngf5 a5 19. Bb5 Be5 20. Ra2 axb4 21.
axb4 Kg8 22. Bxd7 Rxd7 23. Ra8+ Kh7 24. Rxh8+ Kxh8 25. Kc2 Rd8 26. Kb3 Ra8 27.
Nxg6+ fxg6 28. Ne7 1-0

[Event "Wattenscheid 2- Kleve"]
[Site "?"]
[Date "2023.03.12"]
[Round "6.5"]
[White "Huysman, Arie"]
[Black "Gohla, Ulf"]
[Result "1/2-1/2"]
[WhiteElo "2022"]
[BlackElo "2062"]
[PlyCount "25"]
[SourceVersionDate "2023.06.22"]

1. e4 e5 2. Nf3 Nc6 3. Bb5 a6 4. Ba4 d6 5. c3 f5 6. exf5 Bxf5 7. O-O Bd3 8. Re1
Be7 9. Bc2 Bxc2 10. Qxc2 Nf6 11. d4 e4 12. Nfd2 d5 13. f3 1/2-1/2

[Event "Wattenscheid 2- Kleve"]
[Site "?"]
[Date "2023.03.12"]
[Round "6.6"]
[White "Schlange, Stefan"]
[Black "Krebbers, Wilfried"]
[Result "1/2-1/2"]
[WhiteElo "2179"]
[BlackElo "2056"]
[PlyCount "141"]
[SourceVersionDate "2023.06.22"]

1. e4 Nf6 2. d3 e5 3. f4 d5 4. fxe5 Ng4 5. exd5 Qxd5 6. Nf3 Nxe5 7. Qe2 Nbc6 8.
Bf4 Bd6 9. Nc3 Qe6 10. Nxe5 Bxe5 11. Bxe5 Qxe5 12. O-O-O Qxe2 13. Bxe2 Nd4 14.
Rde1 O-O 15. Nd5 c6 16. Ne7+ Kh8 17. Nxc8 Raxc8 18. c3 Nxe2+ 19. Rxe2 Rc7 20.
Rhe1 g6 21. Re7 Rfc8 22. Re8+ Rxe8 23. Rxe8+ Kg7 24. Kd2 f5 25. d4 Kf6 26. Kd3
Re7 27. Rb8 Ke6 28. c4 Kd6 29. b4 a6 30. a4 Kc7 31. Rh8 Kd6 32. a5 Kd7 33. h4
Ke6 34. Rd8 Rd7 35. Rc8 Kf6 36. b5 axb5 37. cxb5 cxb5 38. Rc5 Ke6 39. Rxb5 Kd6
40. Rb6+ Kd5 41. h5 gxh5 42. Rf6 Rg7 43. Rxf5+ Kc6 44. Rc5+ Kd6 45. Rxh5 Rxg2
46. Rxh7 Rg5 47. Rxb7 Rxa5 48. Ke4 Rh5 49. Rb6+ Kd7 50. Rg6 Ke7 51. Kd3 Ra5 52.
Rh6 Kd7 53. Kc4 Ra4+ 54. Kd5 Ra5+ 55. Ke4 Rg5 56. Ra6 Rh5 57. Kd3 Rh3+ 58. Kc4
Rh5 59. Rb6 Kc7 60. Re6 Kd7 61. Re5 Rxe5 62. dxe5 Ke6 63. Kd4 Ke7 64. Kd5 Kd7
65. e6+ Ke7 66. Ke5 Ke8 67. Kf5 Ke7 68. Ke5 Ke8 69. Kd6 Kd8 70. e7+ Ke8 71. Ke6
1/2-1/2

[Event "Wattenscheid 2- Kleve"]
[Site "?"]
[Date "2023.03.12"]
[Round "6.7"]
[White "Verfuerth, Thomas"]
[Black "Schmedders, Hans- Gerd"]
[Result "1/2-1/2"]
[WhiteElo "2061"]
[BlackElo "2155"]
[PlyCount "27"]
[SourceVersionDate "2023.06.22"]

1. c4 b6 2. Nc3 Bb7 3. e4 e6 4. g3 Bb4 5. Nge2 f5 6. Bg2 Nf6 7. Qc2 O-O 8. O-O
Bxc3 9. Nxc3 Nc6 10. d3 Nd4 11. Qd1 fxe4 12. dxe4 e5 13. Be3 c5 14. f4 1/2-1/2

[Event "Wattenscheid 2- Kleve"]
[Site "?"]
[Date "2023.03.12"]
[Round "6.8"]
[White "Thelen, Thomas"]
[Black "Brandt, Thorsten"]
[Result "1/2-1/2"]
[WhiteElo "1986"]
[BlackElo "1891"]
[PlyCount "21"]
[SourceVersionDate "2023.06.22"]

1. d4 e6 2. c4 Bb4+ 3. Bd2 Qe7 4. Nf3 Nc6 5. e3 Bxd2+ 6. Qxd2 Nf6 7. Nc3 O-O 8.
Bd3 d6 9. O-O e5 10. dxe5 dxe5 11. Nd5 1/2-1/2

[Event "Duisburg- Horst- Emscher"]
[Site "?"]
[Date "2023.03.12"]
[Round "6.1"]
[White "Baerwolf, Steven"]
[Black "Heisel, Guido"]
[Result "1-0"]
[WhiteElo "2205"]
[BlackElo "2119"]
[PlyCount "101"]
[SourceVersionDate "2023.06.22"]

1. e4 d5 2. exd5 Nf6 3. d4 Bg4 4. f3 Bf5 5. g4 Bd7 6. c4 c6 7. Nc3 cxd5 8. g5
Nh5 9. cxd5 g6 10. Bg2 Bg7 11. Nge2 O-O 12. O-O Na6 13. Be3 Bf5 14. a3 Qd7 15.
Qb3 b6 16. Nb5 Rac8 17. Rac1 Nb8 18. Rfd1 Bh3 19. Bxh3 Qxh3 20. Nxa7 Qxf3 21.
Nxc8 Qxe2 22. Nxe7+ Kh8 23. Rd2 Qg4+ 24. Rg2 Qe4 25. Nc6 Nd7 26. Bd2 Bxd4+ 27.
Nxd4 Qxd4+ 28. Kh1 Kg8 29. Qc4 Qxb2 30. Bb4 Qe5 31. Bxf8 Nxf8 32. Rf1 Ng7 33.
Rgf2 Nf5 34. Rxf5 gxf5 35. Qf4 Qxd5+ 36. Qf3 Qc4 37. Qxf5 Ng6 38. Rd1 Nf8 39.
Qd5 Qe2 40. Qd3 Qe5 41. Rf1 Qe6 42. Qf5 Qc4 43. Rf4 Qb3 44. h4 Ng6 45. Rf3 Qc4
46. h5 Nf8 47. Qf4 Qd5 48. Kh2 Qa2+ 49. Kg3 Qd5 50. Qf6 b5 51. h6 1-0

[Event "Duisburg- Horst- Emscher"]
[Site "?"]
[Date "2023.03.12"]
[Round "6.2"]
[White "Hehlke, Oliver"]
[Black "Rebentisch, Tom"]
[Result "1/2-1/2"]
[WhiteElo "1951"]
[BlackElo "2168"]
[PlyCount "64"]
[SourceVersionDate "2023.06.22"]

1. Nf3 d5 2. d4 Nf6 3. c4 e6 4. g3 Be7 5. Bg2 O-O 6. O-O Nbd7 7. b3 c6 8. Bb2
b5 9. c5 Ne4 10. b4 a5 11. a3 Bb7 12. Nc3 f5 13. e3 Qc7 14. Ne2 Bf6 15. Nf4
Rfe8 16. Nd3 axb4 17. axb4 Rxa1 18. Qxa1 Ra8 19. Qd1 Ra4 20. Qb3 Qb8 21. Ra1
Rxa1+ 22. Bxa1 Qa7 23. Bb2 Kf7 24. Kf1 Ke7 25. Ke2 Ng5 26. Nd2 Nf7 27. f4 g6
28. Kd1 Qa8 29. Nf3 Bc8 30. Nde5 Ndxe5 31. dxe5 Bg7 32. h4 h5 1/2-1/2

[Event "Duisburg- Horst- Emscher"]
[Site "?"]
[Date "2023.03.12"]
[Round "6.3"]
[White "De Roda Husman, Juan"]
[Black "Sirringhaus, Wilfried"]
[Result "0-1"]
[WhiteElo "2237"]
[BlackElo "2127"]
[PlyCount "80"]
[SourceVersionDate "2023.06.22"]

1. e4 e5 2. Nf3 Nc6 3. Bb5 a6 4. Ba4 Nf6 5. O-O b5 6. Bb3 Bb7 7. Re1 Bc5 8. c3
Bb6 9. d4 d6 10. a4 O-O 11. Bg5 h6 12. Bh4 Qe7 13. axb5 axb5 14. Rxa8 Bxa8 15.
Na3 Na7 16. d5 Rc8 17. Nc2 c6 18. dxc6 Bxc6 19. Nb4 g5 20. Nxc6 Nxc6 21. Bg3 b4
22. cxb4 Nxb4 23. Qd2 Rb8 24. Bc4 Nh5 25. b3 Nc6 26. Qd5 Nb4 27. Qd2 Qf6 28.
Ra1 Bc5 29. Ra4 Kg7 30. Kh1 Qg6 31. Qe2 f5 32. exf5 Qxf5 33. Ra5 Rf8 34. Rb5
Qb1+ 35. Ne1 Nxg3+ 36. hxg3 Rxf2 37. Rb7+ Kg6 38. Qg4 Qxe1+ 39. Kh2 Qg1+ 40.
Kxg1 Rf4+ 0-1

[Event "Duisburg- Horst- Emscher"]
[Site "?"]
[Date "2023.03.12"]
[Round "6.4"]
[White "Große- Frintrop, Gerd"]
[Black "Kroeger, Fabian"]
[Result "1/2-1/2"]
[WhiteElo "2066"]
[BlackElo "2176"]
[PlyCount "144"]
[SourceVersionDate "2023.06.22"]

1. d4 Nf6 2. c4 c5 3. d5 g6 4. Nc3 Bg7 5. e4 d6 6. f3 e6 7. Bg5 h6 8. Be3 exd5
9. cxd5 O-O 10. Qd2 a6 11. a4 Re8 12. Bd3 Nbd7 13. Nh3 Ne5 14. Nf2 Nxd3+ 15.
Nxd3 Nd7 16. O-O Kh7 17. Nf2 Rb8 18. Qe2 b5 19. f4 bxa4 20. Rxa4 Qb6 21. Bc1 f5
22. Qf3 Qb3 23. Ra3 Qc2 24. exf5 gxf5 25. h3 Nb6 26. Qh5 Re7 27. Qh4 Re8 28.
Qh5 Re7 29. Qh4 Rf7 30. Qh5 Rf6 31. Qd1 Qxd1 32. Ncxd1 Nxd5 33. Re1 Rf8 34. Kf1
Bd7 35. Nd3 Bb5 36. Kf2 Bd4+ 37. Kg3 Rg8+ 38. Kh2 c4 39. N3f2 Rge8 40. Rxe8
Rxe8 41. g4 Re1 42. Ra1 Nb4 43. Bd2 Bxf2 44. Bxb4 Re2 45. Nxf2 Rxf2+ 46. Kg3
Rxb2 47. Bxd6 Rb3+ 48. Kh4 fxg4 49. hxg4 c3 50. Re1 c2 51. Re7+ Kg8 52. Rc7 Bd3
53. f5 Rb1 54. Bf4 Rh1+ 55. Kg3 h5 56. f6 h4+ 57. Kg2 Be4+ 58. Kf2 Bg6 59. Rg7+
Kf8 60. Rxg6 c1=Q 61. Bxc1 Rxc1 62. Rh6 Rc5 63. Kf3 Kf7 64. Kf4 Rc4+ 65. Kf3
Ke6 66. g5 h3 67. Kg3 a5 68. Rh7 Kf5 69. f7 Rc3+ 70. Kh2 Rc8 71. Rg7 Kg4 72.
Rh7 Kxg5 1/2-1/2

[Event "Duisburg- Horst- Emscher"]
[Site "?"]
[Date "2023.03.12"]
[Round "6.6"]
[White "Usdenski, Andreas"]
[Black "Becker, Marco"]
[Result "0-1"]
[WhiteElo "1712"]
[BlackElo "1940"]
[PlyCount "92"]
[SourceVersionDate "2023.06.22"]

1. e4 c6 2. d4 d5 3. exd5 cxd5 4. Bd3 Nc6 5. c3 Qc7 6. h3 Nf6 7. Nf3 g6 8. O-O
Bg7 9. Re1 O-O 10. Nbd2 Bf5 11. Bxf5 gxf5 12. Qe2 Rae8 13. Ne5 Nd7 14. f4 f6
15. Nxd7 Qxd7 16. Qe6+ Qxe6 17. Rxe6 Kf7 18. Re3 e5 19. Nf3 exd4 20. Nxd4 Nxd4
21. cxd4 Re4 22. Rc3 Rfe8 23. b3 Rxd4 24. Be3 Rde4 25. Bxa7 Rxf4 26. Rd1 Re2
27. Rc7+ Kg6 28. Rf1 Rfe4 29. Rxb7 Rxa2 30. Rd7 Bh6 31. Rf2 Ra1+ 32. Rf1 Rxa7
33. Rxd5 Re2 34. Rdxf5 Be3+ 35. Kh1 Bd4 36. R5f4 Be5 37. Rg4+ Kf7 38. b4 Raa2
39. Rb1 h5 40. Rc4 Rxg2 41. b5 Rh2+ 42. Kg1 Rhd2 43. b6 Rab2 44. Rb4 Bd4+ 45.
Kf1 Rf2+ 46. Kg1 Rxb1+ 0-1

[Event "Duisburg- Horst- Emscher"]
[Site "?"]
[Date "2023.03.12"]
[Round "6.7"]
[White "Arndt, Olaf"]
[Black "Vortmeier, Jan"]
[Result "1/2-1/2"]
[WhiteElo "1880"]
[BlackElo "1702"]
[PlyCount "94"]
[SourceVersionDate "2023.06.22"]

1. e4 c5 2. Nf3 e6 3. Nc3 Nc6 4. Bb5 Nd4 5. Nxd4 cxd4 6. Ne2 Ne7 7. c3 a6 8.
Bd3 dxc3 9. dxc3 Nc6 10. Be3 Be7 11. O-O O-O 12. f4 d6 13. Nd4 Qc7 14. Qh5 g6
15. Qh6 Re8 16. f5 Bf8 17. Qh4 exf5 18. Rae1 Ne5 19. Bc2 fxe4 20. Qxe4 Bd7 21.
Bb3 Bc6 22. Nxc6 bxc6 23. Bd4 Bg7 24. Bxe5 Rxe5 25. Bxf7+ Qxf7 26. Rxf7 Rxe4
27. Rxg7+ Kxg7 28. Rxe4 Kf6 29. Ra4 Ke5 30. Kf2 Rb8 31. b3 Rb6 32. Ke3 d5 33.
Ra5 h6 34. g3 h5 35. Ra4 c5 36. Ra5 Rc6 37. Kd3 g5 38. h3 Rf6 39. Ke3 g4 40.
hxg4 hxg4 41. Rxc5 Rf3+ 42. Ke2 Ke4 43. Rc6 Rxg3 44. Re6+ Kf4 45. Rf6+ Ke4 46.
Re6+ Kf4 47. Rf6+ Ke4 1/2-1/2

[Event "Duisburg- Horst- Emscher"]
[Site "?"]
[Date "2023.03.12"]
[Round "6.8"]
[White "Maslak, Sulejman"]
[Black "Goeldenboog, Juergen"]
[Result "0-1"]
[WhiteElo "2277"]
[BlackElo "1986"]
[PlyCount "72"]
[SourceVersionDate "2023.06.22"]

1. c4 Nf6 2. Nc3 d5 3. d4 c6 4. Bf4 g6 5. e3 Bg7 6. h3 O-O 7. Bd3 dxc4 8. Bxc4
Nd5 9. Bh2 Nxc3 10. bxc3 c5 11. Nf3 cxd4 12. cxd4 Qa5+ 13. Nd2 Nc6 14. O-O b6
15. Nb3 Qg5 16. f4 Qf6 17. Qf3 Bd7 18. Rac1 Na5 19. Nxa5 bxa5 20. Qd5 Be6 21.
Qxa5 Bxc4 22. Rxc4 Qe6 23. Rc3 Rac8 24. Ra3 Rc2 25. Bg3 Rfc8 26. Qxa7 Qe4 27.
Rf3 Rb2 28. Rf2 Rc1+ 29. Kh2 Qb1 30. Bh4 Rh1+ 31. Kg3 Rxf2 32. Qa8+ Bf8 33.
Bxe7 Rxg2+ 34. Kxg2 Qf1+ 35. Kg3 Rg1+ 36. Kh2 Qf2+ 0-1

[Event "Langenfeld 2- Erkenschwick 2"]
[Site "?"]
[Date "2023.03.12"]
[Round "6.1"]
[White "Spriestersbach, Kai"]
[Black "Keller, Karsten"]
[Result "1-0"]
[WhiteElo "2246"]
[BlackElo "2202"]
[PlyCount "86"]
[SourceVersionDate "2023.06.22"]

1. e4 e6 2. d4 d5 3. Nc3 Bb4 4. e5 c5 5. a3 Bxc3+ 6. bxc3 Qa5 7. Bd2 Qa4 8. Qb1
c4 9. Nf3 Nc6 10. h4 Bd7 11. h5 h6 12. Be2 O-O-O 13. O-O Rf8 14. Nh4 Qa5 15.
Qe1 Nge7 16. f4 g6 17. Nf3 Rfg8 18. Nh2 Nf5 19. Ng4 Ng3 20. Rf3 Nxh5 21. a4 Rf8
22. Qf2 Qd8 23. Re1 Kb8 24. Bc1 f5 25. exf6 Nxf6 26. Nxf6 Rxf6 27. Ba3 Bc8 28.
Qh4 Rf7 29. Qg3 Qc7 30. Qxg6 Rxf4 31. Ref1 Rxf3 32. Rxf3 a6 33. Rf7 Qd8 34. Bc1
Rg8 35. Qxh6 Rh8 36. Bf4+ Ka7 37. Qf6 Qxf6 38. Rxf6 b5 39. axb5 axb5 40. Bd6 b4
41. cxb4 Ka6 42. c3 Kb5 43. Bc5 Ka4 1-0

[Event "Langenfeld 2- Erkenschwick 2"]
[Site "?"]
[Date "2023.03.12"]
[Round "6.2"]
[White "Brochhagen, Thomas"]
[Black "Homs, Guust"]
[Result "1/2-1/2"]
[WhiteElo "2009"]
[BlackElo "2164"]
[PlyCount "57"]
[SourceVersionDate "2023.06.22"]

1. d4 d5 2. Nf3 Nf6 3. e3 c6 4. Bd3 Bg4 5. Nbd2 Nbd7 6. O-O e5 7. dxe5 Nxe5 8.
Be2 Nxf3+ 9. Bxf3 Bxf3 10. Qxf3 Bd6 11. e4 O-O 12. exd5 Nxd5 13. g3 Re8 14. Nc4
Bc7 15. Ne3 Qf6 16. Qxf6 Nxf6 17. Rd1 Rad8 18. Rxd8 Rxd8 19. Kf1 h5 20. h4 Ne4
21. Ke2 g6 22. a4 Bd6 23. a5 Bc5 24. Ra4 f5 25. Rc4 Rd4 26. Rxd4 Bxd4 27. Nd1
Kf7 28. Be3 Bxe3 29. Kxe3 1/2-1/2

[Event "Langenfeld 2- Erkenschwick 2"]
[Site "?"]
[Date "2023.03.12"]
[Round "6.3"]
[White "Krings, Christoph"]
[Black "Reuter, Michael"]
[Result "1/2-1/2"]
[WhiteElo "2170"]
[BlackElo "2044"]
[PlyCount "110"]
[SourceVersionDate "2023.06.22"]

1. d4 d5 2. Nf3 Nf6 3. g3 c5 4. Bg2 Nc6 5. O-O Bg4 6. Ne5 Bf5 7. Nxc6 bxc6 8.
c4 e6 9. Nc3 cxd4 10. Qxd4 Qb6 11. Qd1 Be7 12. cxd5 exd5 13. b3 O-O 14. Bb2
Rfd8 15. Rc1 Rac8 16. Na4 Qb5 17. Qd4 c5 18. Qe5 Be6 19. Rfd1 c4 20. Nc3 Qb8
21. Nxd5 Bxd5 22. Qxb8 Rxb8 23. Bxf6 Bxf6 24. Bxd5 c3 25. f4 Rbc8 26. Rc2 Kf8
27. e4 g5 28. Rd3 gxf4 29. gxf4 Bg7 30. Kf2 Rc5 31. Ke3 f5 32. Bc4 Rxd3+ 33.
Kxd3 fxe4+ 34. Kxe4 Ke7 35. Kd3 Rf5 36. Re2+ Kd6 37. Re6+ Kc5 38. a3 a5 39. Ra6
Rxf4 40. Rxa5+ Kd6 41. Ra6+ Ke7 42. Re6+ Kd7 43. Re2 Kd6 44. Bg8 Rh4 45. b4 Be5
46. Kc2 h5 47. Bh7 Rf4 48. Be4 h4 49. a4 Rf1 50. Kb3 Rd1 51. a5 Rd2 52. Rxd2+
cxd2 53. Kc2 Bc3 54. a6 Bd4 55. Kxd2 Kc7 1/2-1/2

[Event "Langenfeld 2- Erkenschwick 2"]
[Site "?"]
[Date "2023.03.12"]
[Round "6.4"]
[White "Schulte- Lentz, Christian"]
[Black "Trzaska, Peter"]
[Result "1/2-1/2"]
[WhiteElo "2080"]
[BlackElo "2088"]
[Annotator "daniel"]
[PlyCount "44"]
[SourceVersionDate "2023.06.22"]

1. e4 d5 2. exd5 Nf6 3. Bb5+ Bd7 4. Be2 Nxd5 5. d4 e6 6. Nf3 Be7 7. O-O O-O 8.
c4 Nf6 9. Qb3 Nc6 10. a3 b6 $11 11. Rd1 Bc8 12. Nc3 Bb7 13. h3 Rb8 14. Bf4 a6
15. Rac1 Bd6 16. Ne5 Qe7 17. Nxc6 Bxc6 18. Bg5 h6 19. Be3 e5 20. d5 Bd7 21. Qc2
e4 22. Bf1 Rfe8 1/2-1/2

[Event "Langenfeld 2- Erkenschwick 2"]
[Site "?"]
[Date "2023.03.12"]
[Round "6.5"]
[White "Jungbluth, Rolf"]
[Black "Hess, Christian"]
[Result "1/2-1/2"]
[WhiteElo "2079"]
[BlackElo "2147"]
[PlyCount "48"]
[SourceVersionDate "2023.06.22"]

1. c4 Nf6 2. Nc3 d5 3. cxd5 Nxd5 4. d4 g6 5. Nf3 Bg7 6. Qb3 Nb6 7. Bf4 O-O 8.
e3 Be6 9. Qc2 Na6 10. Bxa6 bxa6 11. O-O Rc8 12. Rfd1 Qe8 13. Ng5 Bf5 14. Qe2 c5
15. Qxa6 cxd4 16. exd4 Qd7 17. Qe2 Rfe8 18. Rac1 Rc4 19. Nf3 Bg4 20. h3 Bxf3
21. Qxf3 Rxd4 22. Be3 Rxd1+ 23. Rxd1 Qe6 24. Qb7 Bxc3 1/2-1/2

[Event "Langenfeld 2- Erkenschwick 2"]
[Site "?"]
[Date "2023.03.12"]
[Round "6.6"]
[White "Hess, Dennis"]
[Black "Schulze Bisping, Franz"]
[Result "1/2-1/2"]
[WhiteElo "1982"]
[BlackElo "1854"]
[PlyCount "26"]
[SourceVersionDate "2023.06.22"]

1. e4 e6 2. d4 d5 3. Nd2 c5 4. exd5 Qxd5 5. dxc5 Bxc5 6. Ngf3 Nf6 7. Bc4 Qd8 8.
Qe2 Nc6 9. Nb3 Be7 10. Bd2 a6 11. a4 b6 12. O-O-O Qc7 13. g3 O-O 1/2-1/2

[Event "Langenfeld 2- Erkenschwick 2"]
[Site "?"]
[Date "2023.03.12"]
[Round "6.7"]
[White "Strohmann, Marcel"]
[Black "Hendrichs, Udo"]
[Result "1/2-1/2"]
[WhiteElo "1849"]
[BlackElo "1995"]
[PlyCount "60"]
[SourceVersionDate "2023.06.22"]

1. e4 e6 2. d4 d5 3. exd5 exd5 4. Bd3 Nf6 5. Nf3 Bg4 6. O-O Be7 7. h3 Bh5 8.
Bf4 O-O 9. Nbd2 Nbd7 10. c3 c5 11. dxc5 Nxc5 12. Be2 Ne6 13. Bh2 Qb6 14. Nb3 a5
15. Nfd4 Bg6 16. Nxe6 fxe6 17. Qd4 Qd8 18. Nc5 Qc8 19. Nd3 Bxd3 20. Bxd3 Qd7
21. Rfe1 Bd6 22. Qb6 Rfd8 23. Re2 Bxh2+ 24. Kxh2 Qd6+ 25. Qxd6 Rxd6 26. Rae1
Kf7 27. f4 Rb6 28. f5 exf5 29. Bxf5 Re8 30. Rxe8 Nxe8 1/2-1/2

[Event "Dinslaken- Rheinhausen"]
[Site "?"]
[Date "2023.03.12"]
[Round "6.1"]
[White "Heinert, Eugen"]
[Black "Sielecki, Christof"]
[Result "1/2-1/2"]
[WhiteElo "2188"]
[BlackElo "2419"]
[PlyCount "25"]
[SourceVersionDate "2023.06.22"]

1. d4 d5 2. c4 e6 3. Nc3 Nf6 4. Bg5 dxc4 5. e3 c5 6. Bxc4 cxd4 7. exd4 Nc6 8.
Nf3 Be7 9. O-O O-O 10. a3 a6 11. Qd2 b5 12. Ba2 Bb7 13. d5 1/2-1/2

[Event "Dinslaken- Rheinhausen"]
[Site "?"]
[Date "2023.03.12"]
[Round "6.2"]
[White "Sonnenschein, Philipp"]
[Black "Liedmann, Dennis"]
[Result "1-0"]
[WhiteElo "2224"]
[BlackElo "2044"]
[PlyCount "95"]
[SourceVersionDate "2023.06.22"]

1. d4 g6 2. e4 c6 3. Nc3 d6 4. f4 d5 5. e5 h5 6. Nf3 Bg4 7. h3 Bxf3 8. Qxf3 e6
9. Be3 Bb4 10. Bd3 Qa5 11. O-O Bxc3 12. bxc3 Nd7 13. c4 dxc4 14. Bxc4 Ne7 15.
Bd3 Nf5 16. Bf2 Qc3 17. Rab1 O-O-O 18. d5 cxd5 19. Bxa7 Nd4 20. Qf2 Nc6 21. Be3
d4 22. Bd2 Qa3 23. Rb3 Qxa2 24. Rb5 Qa7 25. Rfb1 Nc5 26. Qf3 Nxd3 27. Rxb7 Qxb7
28. Rxb7 Kxb7 29. cxd3 Rd5 30. Kf2 Ra8 31. Kg3 Ra2 32. Be1 Ne7 33. Kh4 Ra1 34.
Bf2 Kc7 35. Kg5 Ng8 36. Qe2 Kd7 37. Qb2 Ra7 38. Qb8 f6+ 39. Kxg6 Ne7+ 40. Kxf6
Nc8 41. g4 hxg4 42. hxg4 Rc7 43. f5 exf5 44. gxf5 Rcc5 45. Bg3 Kd8 46. Ke6 Rd7
47. f6 Rdc7 48. Qb4 1-0

[Event "Dinslaken- Rheinhausen"]
[Site "?"]
[Date "2023.03.12"]
[Round "6.3"]
[White "Heinert, Alex"]
[Black "Welzel, Philipp"]
[Result "1/2-1/2"]
[WhiteElo "2111"]
[BlackElo "2167"]
[PlyCount "40"]
[SourceVersionDate "2023.06.22"]

1. e4 c5 2. Nf3 e6 3. d4 cxd4 4. Nxd4 Nc6 5. Nc3 Qc7 6. Be3 a6 7. Nb3 Nf6 8. f4
d6 9. Bd3 Be7 10. Qf3 b5 11. O-O Bb7 12. a4 b4 13. Ne2 e5 14. f5 Na5 15. Nxa5
Qxa5 16. Bg5 d5 17. Bxf6 Bxf6 18. exd5 Qxd5 19. Qxd5 Bxd5 20. Ng3 O-O 1/2-1/2

[Event "Dinslaken- Rheinhausen"]
[Site "?"]
[Date "2023.03.12"]
[Round "6.4"]
[White "Ossig, Rainer"]
[Black "Jentzsch, David"]
[Result "1-0"]
[WhiteElo "2187"]
[BlackElo "1972"]
[PlyCount "97"]
[SourceVersionDate "2023.06.22"]

1. Nf3 d5 2. g3 Nf6 3. Bg2 c6 4. c4 e6 5. O-O Nbd7 6. d4 Be7 7. Qc2 O-O 8. Nbd2
b6 9. e4 dxe4 10. Nxe4 Nxe4 11. Qxe4 Bb7 12. Rd1 Qc8 13. Bf4 Bf6 14. Ng5 g6 15.
h4 Bg7 16. Bd6 Re8 17. Qf3 Nf6 18. Be5 Qd8 19. Qc3 Qe7 20. Re1 Rad8 21. a4 Nh5
22. Bxg7 Nxg7 23. Ne4 f5 24. Ng5 Qf6 25. Re5 h6 26. Nh3 g5 27. hxg5 hxg5 28.
Qe3 g4 29. Nf4 Kf7 30. Re1 Rc8 31. b4 Ba8 32. c5 Rb8 33. Bf1 Bb7 34. Bg2 Ba8
35. Qc3 Rbc8 36. Qb3 Rb8 37. Qa2 Rbd8 38. Qb2 Rb8 39. Qc3 Rbc8 40. Kf1 Rc7 41.
Qe3 Rcc8 42. f3 gxf3 43. Bxf3 Qg5 44. Kf2 Rb8 45. Qb3 Qh6 46. Rh1 Qg5 47. Bh5+
Nxh5 48. Rxh5 Qf6 49. Rhxf5 1-0

[Event "Dinslaken- Rheinhausen"]
[Site "?"]
[Date "2023.03.12"]
[Round "6.5"]
[White "Feldhaus, Sebastian"]
[Black "Graeber, Ralf"]
[Result "1-0"]
[WhiteElo "2072"]
[BlackElo "2180"]
[Annotator "daniel"]
[PlyCount "75"]
[SourceVersionDate "2023.06.22"]

1. d4 f5 2. Nc3 Nf6 3. Bg5 d5 4. Bxf6 exf6 5. e3 Be6 6. Bd3 Qd7 7. Qf3 Nc6 8.
a3 O-O-O 9. Nge2 g5 10. O-O-O Re8 11. h3 Nd8 12. Ng3 g4 13. hxg4 fxg4 14. Qe2
f5 $11 15. Rh5 f4 16. exf4 Bg7 17. Qd2 Kb8 18. Rxh7 Rxh7 19. Bxh7 Rh8 20. Rh1
Nc6 21. Nce2 Bf6 22. Qd3 Qg7 23. c3 Na5 24. Bf5 Rxh1+ 25. Nxh1 Bf7 26. Nhg3
Nb3+ 27. Kc2 c5 28. Qb5 c4 29. Qd7 a6 30. Be6 Qg6+ 31. Bf5 Qg7 32. Bxg4 Bg6+
33. Kd1 Qh8 34. Qxd5 Bd3 35. Bf5 Bxe2+ 36. Kxe2 Bh4 37. Qe5+ Qxe5+ 38. dxe5 1-0

[Event "Dinslaken- Rheinhausen"]
[Site "?"]
[Date "2023.03.12"]
[Round "6.6"]
[White "Kleff, Andre"]
[Black "Mohrholz, Stefan"]
[Result "0-1"]
[WhiteElo "2124"]
[BlackElo "2016"]
[PlyCount "92"]
[SourceVersionDate "2023.06.22"]

1. d4 Nf6 2. Bf4 c5 3. e3 g6 4. c3 Qb6 5. Na3 d6 6. Nc4 Qc7 7. h3 b5 8. Nd2 a6
9. Ngf3 Bg7 10. Be2 O-O 11. O-O Bb7 12. a4 c4 13. Bh2 Nbd7 14. b3 cxb3 15. Qxb3
Bd5 16. Qb2 bxa4 17. Rxa4 Rfb8 18. Qa1 a5 19. c4 Bc6 20. Ra3 Ne4 21. Nxe4 Bxe4
22. Nd2 Bc6 23. Qc1 e5 24. d5 Bb7 25. Ne4 Nc5 26. Nc3 Ba6 27. Nb5 Bxb5 28. cxb5
Qb6 29. f4 Rc8 30. Qe1 e4 31. f5 a4 32. Qf2 Ra7 33. f6 Bf8 34. Bf4 Nb3 35. h4
Rc2 36. h5 Qc5 37. b6 Qxb6 38. hxg6 hxg6 39. Rb1 Qc5 40. Raxb3 axb3 41. Rxb3
Raa2 42. Rb8 Rxe2 43. Qxe2 Rxe2 44. Bh6 Qc2 45. Rxf8+ Kh7 46. Bg7 Rxg2+ 0-1

[Event "Dinslaken- Rheinhausen"]
[Site "?"]
[Date "2023.03.12"]
[Round "6.7"]
[White "Hartz, Erik"]
[Black "Cebulla, Konstantin"]
[Result "1/2-1/2"]
[WhiteElo "1993"]
[BlackElo "2091"]
[PlyCount "54"]
[SourceVersionDate "2023.06.22"]

1. Nf3 d5 2. e3 e6 3. b3 a5 4. Bb2 a4 5. Be2 Nd7 6. a3 axb3 7. cxb3 Ngf6 8. O-O
Bd6 9. d4 Ne4 10. Nc3 f5 11. b4 O-O 12. Rc1 Nb6 13. Ne5 Nxc3 14. Bxc3 Rxa3 15.
b5 Bd7 16. Qd2 Qe7 17. Ba5 Ra8 18. Bxb6 cxb6 19. Nxd7 Qxd7 20. Rc2 Rf8 21. g3
h6 22. Rfc1 Kh8 23. Ra2 Rfa8 24. Rca1 Qc7 25. Rxa3 Rxa3 26. Rxa3 Bxa3 27. Bd3
Kg8 1/2-1/2

[Event "Dinslaken- Rheinhausen"]
[Site "?"]
[Date "2023.03.12"]
[Round "6.8"]
[White "Brockhaus, Philip"]
[Black "Rohfleisch, Daniel"]
[Result "1/2-1/2"]
[WhiteElo "1965"]
[BlackElo "1915"]
[Annotator "daniel"]
[PlyCount "48"]
[SourceVersionDate "2023.06.22"]

1. e4 e5 2. Nf3 Nf6 3. Nc3 Nc6 4. d4 exd4 5. Nxd4 Bb4 6. Nxc6 bxc6 7. Bd3 d5 8.
exd5 cxd5 9. O-O O-O 10. h3 c6 11. Qf3 Be6 12. Bf4 Bd6 13. Rfe1 Bxf4 14. Qxf4
Qb8 15. Qf3 Nd7 16. b3 Nc5 17. Bf1 Re8 $11 18. Rad1 Qb4 19. Ne2 Ne4 20. Qf4 a5
21. c4 a4 22. cxd5 cxd5 23. Ng3 axb3 24. axb3 Qxb3 1/2-1/2

[Event "Porta- Nienberge"]
[Site "?"]
[Date "2023.03.12"]
[Round "6.1"]
[White "Mikeladze, Berdia"]
[Black "Liebelt, Jannik"]
[Result "1/2-1/2"]
[WhiteElo "2138"]
[BlackElo "2146"]
[PlyCount "133"]
[SourceVersionDate "2023.06.22"]

1. Nf3 Nf6 2. d4 g6 3. Nc3 d5 4. Bf4 Bg7 5. e3 O-O 6. Be2 c5 7. O-O Nc6 8. h3
Ne4 9. Nb5 a6 10. Nc3 Nxc3 11. bxc3 Qa5 12. Qd2 Rd8 13. Rfd1 b5 14. Rdb1 Ra7
15. a3 Qa4 16. Bg3 Na5 17. Be5 f6 18. Bg3 Bf5 19. Ra2 Nc4 20. Qc1 Rc8 21. Bd3
Be6 22. dxc5 Bf7 23. Rb4 Qa5 24. Bxc4 dxc4 25. Qb2 Rxc5 26. a4 Qb6 27. Qa3 Rd7
28. axb5 axb5 29. Rb1 e5 30. Qa5 Qxa5 31. Rxa5 Rb7 32. Ra8+ Bf8 33. Nd2 Kg7 34.
e4 Rc6 35. Ra5 b4 36. cxb4 Rxb4 37. Raa1 c3 38. Rxb4 Bxb4 39. Nf1 Bc5 40. Kh2
Rb6 41. Ne3 Rb2 42. Rc1 Ra2 43. Kg1 Ra4 44. Nd1 Bd4 45. Kf1 Bc4+ 46. Ke1 Ra2
47. Ne3 Bb5 48. Nd5 Rb2 49. Kd1 Bc6 50. f3 Bxd5 51. exd5 Rb5 52. Ke2 Rxd5 53.
Rb1 g5 54. Be1 Ra5 55. Kd3 Ra3 56. g4 Kg6 57. h4 gxh4 58. Bxh4 f5 59. gxf5+
Kxf5 60. Rb7 Ra7 61. Rb8 Rf7 62. Rg8 Ke6 63. Ke2 Kd5 64. Ke1 Kc4 65. Rc8+ Kb4
66. Rb8+ Kc4 67. Rc8+ 1/2-1/2

[Event "Porta- Nienberge"]
[Site "?"]
[Date "2023.03.12"]
[Round "6.2"]
[White "Kirnos, Evgeni"]
[Black "Gottkehaskamp, Stefan"]
[Result "1/2-1/2"]
[WhiteElo "2222"]
[BlackElo "2075"]
[PlyCount "37"]
[SourceVersionDate "2023.06.22"]

1. e4 c6 2. d3 d5 3. Nd2 e5 4. Ngf3 Bd6 5. Be2 Nf6 6. h3 h6 7. O-O O-O 8. c3 a5
9. Re1 Be6 10. Bf1 Nbd7 11. g4 Re8 12. Qc2 Qc7 13. Bg2 dxe4 14. Nxe4 Nxe4 15.
dxe4 Bc5 16. Nh4 Nf8 17. b3 Rad8 18. Bd2 Rd7 19. Rad1 1/2-1/2